000 00300 a2200133 4500
999 _c325059
_d325059
001 89986
003 NUST
005 20180124144837.0
008 180124b xxu||||| |||| 00| 0 eng d
082 _a891.4393 SID
100 _aSiddiq Salik
_99739
245 _aEmergency
_hUrdu
260 _aLahore
_bAl Faisal
_c2010
300 _a220p.
500 _aGeneral Books
942 _aCAE NUST
_cBK
_k891.4393 SID
_2ddc